Tribal Development: (Record no. 189714)

MARC details
000 -LEADER
fixed length control field 00608nam a2200181 4500
005 - DATE AND TIME OF LATEST TRANSACTION
control field 20220711155252.0
010 ## - LCCN (DPL NO)
LC control number ENG-133464
020 ## - INTERNATIONAL STANDARD BOOK NUMBER
International Standard Book Number 9788193364796
Terms of availability 495.00
035 ## - SYSTEM CONTROL NUMBER
System control number EN-116996
037 ## - SOURCE OF ACQUISITION
Source of stock number/acquisition DBAD/PUB
082 ## - DEWEY DECIMAL CLASSIFICATION NUMBER
Classification number 306
100 ## - MAIN ENTRY--PERSONAL NAME
Personal name Rao, K. Mohan
245 ## - TITLE STATEMENT
Title Tribal Development:
Remainder of title Changing Scenario, Emerging Strategies/
Statement of responsibility, etc K. Mohan Rao
260 ## - PUBLICATION, DISTRIBUTION, ETC. (IMPRINT)
Place of publication, distribution, etc Hyderabad
Name of publisher, distributor, etc Neelkamal Publication Pvt. Ltd.
Date of publication, distribution, etc 2017
270 ## - ADDRESS
Address Sultan Bazar
City Hyderabad
Postal code 500095
Telephone number 040-24757140
Electronic mail address neelkamalbooks@gmail.com
300 ## - PHYSICAL DESCRIPTION
Extent xv,316p.
Dimensions 24cm(pbk)
Other physical details Index, Bibliography
942 ## - ADDED ENTRY ELEMENTS (KOHA)
Source of classification or shelving scheme Dewey Decimal Classification
Item type English Books
Classification part 306
Call number suffix RAO
Holdings
Withdrawn status Lost status Not for loan Collection code Home library Current library Date acquired Source of acquisition Cost, normal purchase price Full call number Barcode Copy number Cost, replacement price Koha item type
      Non-fiction Sarojini Nagar Sarojini Nagar 11/07/2022 DBAD/PUB 495.00 306 RAO EN-116996 1 495.00 English Books

© Delhi Public Library
Hit Counter
free hit counter